RWBY Character by quote. - Statistics

General Stats
  • This quiz has been taken 190 times
  • The average score is 21 of 36
Answer Stats
Quote Character % Correct
"Did you know crows are a sign of bad luck?" Qrow
97%
"I am combat ready." Penny
93%
"I'm queen of the castle!" Nora
92%
"Your mother was... a complicated woman." Tai
91%
"I don't care about Salem. But I owe Cinder everything!" Emerald
87%
"Nice hustle, Fox." Coco
83%
"We do nothing. You, Miss Nikos, have a choice to make." Ozpin
82%
"Can't a girl read her comics in peace?" Ruby
82%
"Do you believe in destiny?" Pyrrha
81%
"Why must you hurt me, Blake?" Adam Taurus
80%
"I am making humanity pay for what they've done!" Adam Taurus
77%
"As for me, I'll do what I do best. Lie, steal, cheat and survive!" Roman Torchwick
72%
"If this is the size of our defences, what is it we're expecting to fight?" Ozpin
68%
"Mankind has grown quite fond of recounting the exploits of heroes and villains, forgetting so easily that we are remnants, byproducts, of a forgotten past." Salem
67%
"I am more than just a name." Weiss
67%
"Have I done well? Have I pleased you?" Tyrian
59%
"Melanie, who is this girl?" Miltia
58%
"If you won't hold your tongue, then I will gladly remove it for you!" Winter
56%
"She was right about you. Such arrogance." Cinder Fall
53%
"It's not about overpowering the enemy. It's about taking away what power they have." Cinder Fall
53%
"A FREAKING NINJA?" Sun Wukong
53%
"Nobody needed to die today." Hazel
52%
"You'll die, over and over again!" Hazel
51%
"STOP MESSING WITH ME!" Jaune
51%
"What's the point? You're a world renowned fighter. We're obviously leagues apart." Mercury
49%
"What is your plan, anyway? What do you hope to accomplish while trapped in your own bedroom?" Whitley
47%
"Perhaps, if he'd paid attention in class, he wouldn't have been remembered as such a failure." Blake
44%
"Young man, I'm not sure what you've heard of our organization, but I can assure you, we're not nearly as ferocious as the media would have you believe." Fennec
44%
"I think I'm in trouble." Qrow
42%
"You shouldn't have come back." Ilia
38%
"We're not going to find anything, we just have to press on!" Lie Ren
37%
"I can't promise you'll leave without a scratch." Yatsuhashi
37%
"I can still be useful!" Leo Lionheart
31%
"I think we just hit the jackpot." Raven
25%
"A sign of progress." Lie Ren
20%
"What you need is to leave." Adam Taurus
17%
No matching quizzes found
Score Distribution
Percent of People with Each Score
Percentile by Number Answered
Your Score History
You have not taken this quiz